Vista normal Vista MARC

Entrada Término temático

Número de registros utilizados en: 8

001 - NÚMERO DE CONTROL

  • campo de control: 8770

003 - IDENTIFICADOR DE NÚMERO DE CONTROL

  • campo de control: OSt

005 - FECHA Y HORA DE LA ÚLTIMA TRANSACCIÓN

  • campo de control: 20221005155322.0

008 - ELEMENTOS DE DATO DE LONGITUD-FIJA

  • campo de control de longitud fija: 221005|| aca||aabn | a|a d

040 ## - FUENTE DE CATALOGACIÓN

  • Centro catalogador/agencia de origen: OSt
  • Centro/agencia transcriptor: OSt

150 ## - ENCABEZAMIENTO--TÉRMINO DE MATERIA

  • Término de materia o nombre geográfico como elemento de entrada: PARLA

670 ## - FUENTE DE DATOS ENCONTRADOS

  • Cita de la fuente: Work cat.: (OSt)8648: TOBIO, Constanza 8769, <La> actividad laboral de las mujeres en las periferias madrileñas :, D.L. 2000

Con tecnología Koha